000 00485nam a2200181Ia 4500
001 19505
005 20260306172658.0
008 260306t2018||||xx |||||||||||||| ||spa||
041 _aESP
082 _a340.1
_bB141 T. 2
100 _aBarba Radanovich, José Miguel
_eAUT
245 0 _aLa necesidad de incluir al árbitro cautelar en el arbitraje doméstico
260 _c2018
300 _a190 páginas :
_c25 cm.
650 _aGEN
654 _aCDE
942 _cLIB
_dJUS
_fJUS
_2ddc
_n
999 _c19505
_d19505